[Event "Arica 3rd"]
[Site "Arica"]
[Date "2016.07.10"]
[Round "1.6"]
[White "Lopez Perez, Francisco Javier"]
[Black "Hernandez Guerrero, Gilberto Eduardo"]
[Result "0-1"]
[WhiteElo "1714"]
[BlackElo "2508"]
[PlyCount "70"]
[EventDate "2016.07.10"]
[EventType "swiss"]
[EventRounds "10"]
[EventCountry "CHI"]
[SourceTitle "EXT 2024"]
[Source "ChessBase"]
[SourceDate "2023.10.10"]
[SourceVersion "1"]
[SourceVersionDate "2023.10.10"]
[SourceQuality "1"]

1. e4 c5 2. Nf3 d6 3. d4 cxd4 4. Nxd4 Nf6 5. Nc3 Nc6 6. Bg5 Qb6 7. Nb3 e6 8. Qd2 Be7 9. 0-0-0 a6 10. Kb1 0-0 11. f4 Rd8 12. Bd3 Qc7 13. Rhe1 b5 14. Qe2 Bb7 15. e5 dxe5 16. fxe5 Nd5 17. Nxd5 Rxd5 18. Bf4 Nb4 19. Be4 Rxd1+ 20. Rxd1 Bxe4 21. Qxe4 Rc8 22. Rd2 Nd5 23. Bg3 b4 24. Nd4 Qc5 25. Bf2 Qc4 26. Qf3 g6 27. h4 Bf8 28. g4 a5 29. Ne2 a4 30. g5 a3 31. b3 Qc6 32. Qg3 Bc5 33. Bxc5 Qxc5 34. Nd4 Nc3+ 35. Ka1 Ne4 0-1